Prostředek k získání finančních zdrojů. Komunální obligace.
Veľký význam vydávania dlhopisov a obligácií pre získavanie finančných prostriedkov potrebných pre činnosť a rozvoj miest a obcí. Informácie o tom čo je potrebné vedieť a ako sa má postupovať ak sa obec či mesto rozhodnú vydať komunálne obligácie. Základné povinnosti emitenta. Emisné podmienky.
Salvato in:
| Autore principale: | |
|---|---|
| Natura: | Capitolo di libro |
| Lingua: | ceco |
| Soggetti: | |
| Tags: |
Nessun Tag, puoi essere il primo ad aggiungerne!!
|
MARC
| LEADER | 00000naa a2200000 4500 | ||
|---|---|---|---|
| 001 | r008426 | ||
| 005 | 20220831084033.5 | ||
| 041 | 0 | |a cze | |
| 044 | |a [CS] | ||
| 245 | 1 | 0 | |a Prostředek k získání finančních zdrojů. |b Komunální obligace. |c J. Hnízdil |
| 520 | |a Veľký význam vydávania dlhopisov a obligácií pre získavanie finančných prostriedkov potrebných pre činnosť a rozvoj miest a obcí. Informácie o tom čo je potrebné vedieť a ako sa má postupovať ak sa obec či mesto rozhodnú vydať komunálne obligácie. Základné povinnosti emitenta. Emisné podmienky. | ||
| 610 | 2 | 0 | |a dlhopisy |
| 610 | 2 | 0 | |a zdroje finančné |
| 610 | 2 | 0 | |a obligácie komunálne |
| 610 | 2 | 0 | |a mestá |
| 610 | 2 | 0 | |a obce |
| 610 | 2 | 0 | |a emisia |
| 610 | 2 | 0 | |a Čechy |
| 610 | 2 | 0 | |a zákony |
| 610 | 2 | 0 | |a hospodárenie finančné |
| 100 | 1 | |a Hnízdil, J. | |